| 000 | 00374nam a2200157Ia 4500 | ||
|---|---|---|---|
| 008 | 180921t1971 xxu||||| |||| 00| 0 eng d | ||
| 041 | _aeng | ||
| 080 |
_a651.923 _b |
||
| 100 | _aShahabdeen, A.M. | ||
| 245 | _aAny one can type | ||
| 260 |
_bAuthor Publishing _c1971 |
||
| 300 | _a48p., 22 cm | ||
| 942 | _cBK | ||
| 999 |
_c17528 _d17528 |
||
| 003 | LK-CoDNM | ||
| 040 |
_aLK-CoDNM _dLK-CoDNM _eLK-CoDNM |
||